| 000 | 00623nam a2200193 a 4500 | ||
|---|---|---|---|
| 001 | 5930 | ||
| 003 | CDMR | ||
| 005 | 20130515095952.0 | ||
| 008 | 130220s2003||||||||||||||||||||||||||||d | ||
| 040 |
_aCDMR _bcat _cCDMR |
||
| 100 | 1 |
_aFages de Climent, Carles _92947 |
|
| 245 | 1 | 0 |
_aCarles Fages de Climent _b: articles _cCarles Fages de Climent ; [a cura de] Jaume Guillamet i i Anna Teixidor |
| 260 |
_aFigueres _bBrau _c2003 |
||
| 300 |
_a346 p ; _c18 cm |
||
| 600 |
_92947 _aFages de Climent, Carles _vRecull d'articles |
||
| 700 | 1 |
_9417 _aGuillamet, Jaume |
|
| 700 | 1 |
_93304 _aTeixidor i Colomer, Anna _4eds. |
|
| 942 |
_cMON _2udc |
||
| 999 |
_c5930 _d5930 |
||